000 00515nam a2200181Ia 4500
003 PILC
005 20160226140920.0
008 140529s9999 xx 000 0 und d
020 _a9789380540337
050 _aG 156.5.S87
_b.C552 2010
100 _aChoudhary, Vikash.
245 _aIsland tourism /
_cVikash Choudhary.
260 _aNew Delhi :
_bCentrum Press,
_c2010.
300 _a344 pages ;
_c22 cm.
500 _aIncludes bibliographical references and index.
942 _kFOR
_cBK
_2lcc
999 _c117661
_d117661